000 00394nam a2200157Ia 4500
008 230312s9999||||xx |||||||||||||| ||und||
020 _a81-7649-011-3
082 _a616.891523
_bTUR-R
100 _aTurner,David
245 0 _aRole Plays
260 _bViva Books Private Limited
_aIndia
_c2004
300 _a386
546 _aEng.
650 _aManagement
_vActivities for trainers
942 _cBK
999 _c6284
_d6284